000 00576nam a2200181Ia 4500
008 100921s9999 xx 000 0 und d
082 _b19020
_a891.463 थ 84
100 _aब्रह्मांडकर उज्वल.
245 _aप्रिया.
260 _bराजेंद्र प्रकाशन, पुणे.
_c1984
300 _a130
_b---
365 _b27
520 _aललित-कादंबरी.
630 _aप्रिया.
650 _aललित-कादंबरी.
730 _aप्रिया.
942 _cBOOK
999 _c768133
_d768130